[Event "ESP-ch U12 Rapid"]
[Site "Salobrena"]
[Date "2022.07.17"]
[Round "9"]
[White "Mellado Sais, Carles"]
[Black "Sanz Pueyo, Adrian"]
[Result "1-0"]
[WhiteElo "1245"]
[BlackElo "1461"]
[PlyCount "72"]
[EventDate "2022.07.09"]
[EventType "swiss (rapid)"]
[EventRounds "9"]
[EventCountry "ESP"]
[SourceTitle "EXT 2023"]
[Source "ChessBase"]
[SourceDate "2022.10.05"]
[SourceVersion "1"]
[SourceVersionDate "2022.10.05"]
[SourceQuality "1"]

1. d4 d5 2. Nf3 Nf6 3. c4 e6 4. Nc3 Nbd7 5. Bf4 c6 6. e3 Ne4 7. Qc2 f5 8. Bd3 Ndf6 9. 0-0 Bd6 10. Ne5 g5 11. Bxg5 Nxg5 12. f3 c5 13. cxd5 cxd4 14. exd4 Bxe5 15. dxe5 Nxd5 16. Rfe1 Qb6+ 17. Kh1 Nxc3 18. bxc3 Bd7 19. Qd2 Nf7 20. Rab1 Qc7 21. f4 0-0-0 22. Qf2 Kb8 23. Ba6 Bc6 24. Rb2 b6 25. c4 Bb7 26. Bxb7 Kxb7 27. c5 Rd5 28. cxb6 axb6 29. Reb1 Rhd8 30. Rxb6+ Kc8 31. h3 Rd1+ 32. Rxd1 Rxd1+ 33. Kh2 Kd7 34. Rb2 Ke8 35. Qe2 Qc3 36. Rc2 Qd3 1-0

[Event "ESP-ch U12 Rapid"]
[Site "Salobrena"]
[Date "2022.07.16"]
[Round "2"]
[White "Sanz Pueyo, Adrian"]
[Black "Sarasketa Irastortza, Oier"]
[Result "0-1"]
[WhiteElo "1461"]
[BlackElo "1298"]
[PlyCount "98"]
[EventDate "2022.07.09"]
[EventType "swiss (rapid)"]
[EventRounds "9"]
[EventCountry "ESP"]
[SourceTitle "EXT 2023"]
[Source "ChessBase"]
[SourceDate "2022.10.05"]
[SourceVersion "1"]
[SourceVersionDate "2022.10.05"]
[SourceQuality "1"]

1. d4 Nf6 2. Nf3 g6 3. Bf4 Bg7 4. e3 d6 5. Be2 0-0 6. Nbd2 Nbd7 7. c3 Qe8 8. Nc4 h6 9. h4 e6 10. Qd3 Qe7 11. e4 e5 12. dxe5 dxe5 13. Nfxe5 Nc5 14. Qc2 Ncxe4 15. f3 Nc5 16. g4 Nd5 17. Bg3 b5 18. 0-0-0 bxc4 19. Rxd5 Bb7 20. Rxc5 Qxc5 21. Nd7 Qe3+ 22. Kb1 Bxf3 23. Re1 Be4 24. Bd3 cxd3 25. Rxe3 dxc2+ 26. Kc1 Rfd8 27. Rxe4 Rxd7 28. Kxc2 Rad8 29. Kb3 Rd3 30. Bxc7 Rc8 31. Ba5 Rh3 32. g5 Rb8+ 33. Ka3 Bf8+ 34. Bb4 Bxb4+ 35. Rxb4 Rxb4 36. Kxb4 Rxh4+ 37. Kb5 hxg5 38. c4 g4 39. c5 Rh5 40. Kc6 g3 41. Kd6 g2 42. c6 g1Q 43. c7 Qd4+ 44. Kc6 Qc5+ 45. Kb7 Qb5+ 46. Kxa7 Qd7 47. Kb7 Rb5+ 48. Ka8 Qc8+ 49. Ka7 Qb7# 0-1

[Event "ESP-ch U12"]
[Site "Salobrena"]
[Date "2022.07.14"]
[Round "6"]
[White "Blanco Barra, Lucas"]
[Black "Sanz Pueyo, Adrian"]
[Result "0-1"]
[WhiteElo "1144"]
[BlackElo "1461"]
[PlyCount "44"]
[EventDate "2022.07.04"]
[EventType "swiss"]
[EventRounds "9"]
[EventCountry "ESP"]
[SourceTitle "EXT 2023"]
[Source "ChessBase"]
[SourceDate "2022.10.05"]
[SourceVersion "1"]
[SourceVersionDate "2022.10.05"]
[SourceQuality "1"]

1. d4 d5 2. Nf3 Nf6 3. e3 e6 4. b3 c5 5. Bb2 b6 6. Bd3 Bb7 7. Nbd2 Nc6 8. a3 Bd6 9. 0-0 0-0 10. Ne5 Qc7 11. f4 a5 12. Rf3 Ne7 13. Rh3 Ng6 14. g4 cxd4 15. exd4 Nxf4 16. Re3 Nxd3 17. cxd3 Nd7 18. g5 f6 19. Rc1 Qd8 20. Nxd7 Qxd7 21. gxf6 Rxf6 22. Nf3 Bf4 0-1

[Event "Merida World Heritage op 1st"]
[Site "Merida"]
[Date "2021.08.07"]
[Round "7"]
[White "Holgado Maestre, Andres"]
[Black "Sanz Pueyo, Adrian"]
[Result "0-1"]
[WhiteElo "1541"]
[BlackElo "1281"]
[PlyCount "186"]
[EventDate "2021.08.04"]
[EventType "swiss"]
[EventRounds "9"]
[EventCountry "ESP"]
[SourceTitle "EXT 2023"]
[Source "ChessBase"]
[SourceDate "2022.10.05"]
[SourceVersion "1"]
[SourceVersionDate "2022.10.05"]
[SourceQuality "1"]

1. e4 e6 2. Qe2 Nc6 3. Nf3 g6 4. g3 Bg7 5. Bg2 e5 6. 0-0 Nf6 7. c3 0-0 8. a4 a5 9. Na3 b6 10. d3 d6 11. Nb5 Ba6 12. Bg5 Bxb5 13. axb5 Nb8 14. Ra4 Nbd7 15. Rfa1 Nc5 16. R4a3 Nb7 17. b4 Qd7 18. bxa5 Rxa5 19. c4 Rfa8 20. Rxa5 Rxa5 21. Qb2 Rxa1+ 22. Qxa1 Nc5 23. Ne1 h6 24. Qa8+ Kh7 25. Be3 Ng4 26. Bh3 f5 27. exf5 gxf5 28. Qf3 h5 29. Bg2 Bh6 30. Bxh6 Kxh6 31. h3 Nf6 32. Qe3+ Kg6 33. Nf3 e4 34. Qg5+ Kf7 35. dxe4 Ncxe4 36. Qh6 Qe6 37. Nh4 Qxc4 38. Qg6+ Ke7 39. Nxf5+ Ke6 40. Ne3 Qd4 41. Qf5+ Ke7 42. Kh2 Qe5 43. Bxe4 Qxe4 44. Qc8 Ne8 45. Nf5+ Kf8 46. Qd7 Qe5 47. Nh6 Qf6 48. Nf5 Qf7 49. Qc8 Qa2 50. Kg2 Qd5+ 51. Kg1 Qxb5 52. Qe6 Qe5 53. Qh6+ Ng7 54. Qh8+ Kf7 55. Nxg7 Qxg7 56. Qxh5+ Qg6 57. Qf3+ Qf6 58. Qc6 Qe7 59. h4 Ke6 60. Kg2 Qf7 61. g4 Qg7 62. Kg3 Qe5+ 63. Kg2 Qf4 64. f3 Qf7 65. Kg3 Qg7 66. h5 Qe5+ 67. Kh3 Qf6 68. Qe8+ Qe7 69. Qc6 Qf6 70. Qc4+ Kd7 71. f4 c6 72. Kg3 d5 73. Qb4 b5 74. g5 Qg7 75. Kg4 d4 76. h6 Qh8 77. Kh5 d3 78. g6 Qf6 79. Qe4 d2 80. Qd3+ Qd6 81. Qf5+ Qe6 82. Qb1 Qd5+ 83. f5 d1Q+ 84. Qxd1 Qxd1+ 85. Kg5 Qd2+ 86. Kh5 Ke7 87. h7 Qd4 88. Kh6 Qf6 89. Kh5 Qxf5+ 90. Kh6 Qf6 91. Kh5 Ke6 92. Kh6 Kf5 93. Kh5 Qg5# 0-1

[Event "Merida Heuristic Solutions op U1600"]
[Site "Badajoz"]
[Date "2021.08.02"]
[Round "2.15"]
[White "Sanz Pueyo, Adrian"]
[Black "Cuesta Moscoso, Alvaro"]
[Result "1/2-1/2"]
[WhiteElo "1281"]
[BlackElo "1415"]
[PlyCount "100"]
[EventDate "2021.08.02"]
[EventType "swiss"]
[EventRounds "7"]
[EventCountry "ESP"]
[SourceTitle "EXT 2023"]
[Source "ChessBase"]
[SourceDate "2022.10.05"]
[SourceVersion "1"]
[SourceVersionDate "2022.10.05"]
[SourceQuality "1"]

1. d4 Nf6 2. Bf4 e6 3. Nf3 d5 4. e3 Bd6 5. Bg3 0-0 6. Nbd2 c5 7. c3 Qc7 8. Ne5 Nbd7 9. Ndf3 Ne4 10. Qc2 Nxg3 11. hxg3 h6 12. Ng4 f5 13. Nge5 Bxe5 14. dxe5 Nxe5 15. Be2 Nxf3+ 16. Bxf3 b6 17. g4 Qe5 18. Rh5 Bb7 19. gxf5 Rxf5 20. Rxf5 Qxf5 21. Qxf5 exf5 22. 0-0-0 Rd8 23. c4 g5 24. Bxd5+ Bxd5 25. cxd5 Kf7 26. Kc2 Kf6 27. Kc3 b5 28. b4 c4 29. Kd4 Rc8 30. e4 fxe4 31. Kxe4 c3 32. Rc1 c2 33. Kd3 Ke5 34. d6 Kxd6 35. Rxc2 Rxc2 36. Kxc2 Ke5 37. Kd3 h5 38. f3 Kf4 39. Ke2 Kg3 40. Kf1 g4 41. fxg4 hxg4 42. Kg1 Kf4 43. Kf2 g3+ 44. Ke2 Ke4 45. a3 a6 46. Kd2 Kd4 47. Ke2 Ke4 48. Kd2 Kd4 49. Ke2 Ke4 50. Kd2 Kd4 1/2-1/2